Loading...

Advanced financial accounting

Bibliographic Details
Main Authors: S P jain, K L narang
Format: Printed Book
Published: New delhi Kalyani publishers 2001
Subjects:
LEADER 00547nam a22001577a 4500
020 |a 81-272-0146-4 
082 |a 657  |b JAI/A 
100 |a S P jain  |9 170162 
100 |a K L narang   |9 170163 
245 |a Advanced financial accounting 
260 |a New delhi  |b Kalyani publishers   |c 2001 
300 |a v+384p. 
650 |a Advanced financial accounting  |9 170164 
942 |c BK 
999 |c 188321  |d 188317 
952 |0 0  |1 0  |4 0  |6 657_000000000000000_JAI_A  |7 0  |8 NFIC  |9 188099  |a SMBS  |b SMBS  |c GEN  |d 2015-07-17  |g 125.00  |l 3  |o 657 JAI/A  |p SMBS929  |r 2017-11-13  |s 2017-09-28  |w 2015-07-17  |y BK